[Event "ESP-ch 79th"]
[Site "Linares"]
[Date "2014.08.25"]
[Round "1"]
[White "Fernandez Martos, Machado Eduardo"]
[Black "Ibarra Jerez, Jose Carlos"]
[Result "0-1"]
[WhiteElo "2060"]
[BlackElo "2521"]
[PlyCount "60"]
[EventDate "2014.08.25"]
[EventType "swiss"]
[EventRounds "9"]
[EventCountry "ESP"]
[SourceTitle "CBM 162 Extra"]
[Source "ChessBase"]
[SourceDate "2014.10.17"]
[SourceVersion "1"]
[SourceVersionDate "2014.10.17"]
[SourceQuality "1"]

1. d4 Nf6 2. Nf3 g6 3. c4 d6 4. Nc3 Bf5 5. e3 Bg7 6. Be2 0-0 7. 0-0 Ne4 8. Nxe4 Bxe4 9. Bd2 b6 10. Bc3 Nd7 11. Nd2 Bb7 12. Bf3 c6 13. Qc2 Qc7 14. Rfe1 e5 15. Rad1 f5 16. dxe5 dxe5 17. e4 f4 18. Bg4 Rae8 19. Nf3 Nf6 20. Bh3 c5 21. Qd3 h6 22. Qd6 Qxd6 23. Rxd6 Nxe4 24. Rxg6 Nxc3 25. bxc3 e4 26. Nh4 Rf6 27. Rxf6 Bxf6 28. Nf5 Bxc3 29. Rd1 e3 30. fxe3 fxe3 0-1

[Event "Andalucia-ch"]
[Site "Lucena"]
[Date "2012.04.29"]
[Round "5"]
[White "Rosillo Navarro, Jesus"]
[Black "Fernandez Martos, Machado Eduardo"]
[Result "0-1"]
[WhiteElo "1872"]
[BlackElo "2109"]
[PlyCount "40"]
[EventDate "2012.04.26"]
[EventType "swiss"]
[EventRounds "9"]
[EventCountry "ESP"]
[SourceTitle "EXT 2013"]
[Source "ChessBase"]
[SourceDate "2012.11.22"]
[SourceVersion "1"]
[SourceVersionDate "2012.11.22"]
[SourceQuality "1"]

1. d4 d5 2. e3 c5 3. c3 Nc6 4. f4 Nf6 5. Bd3 cxd4 6. exd4 g6 7. Nd2 Bh6 8. g3 0-0 9. Ngf3 Bh3 10. Ng5 Bxg5 11. fxg5 Ng4 12. Nf3 e5 13. dxe5 Ncxe5 14. Nxe5 Nxe5 15. Be3 Re8 16. Bb5 Re6 17. Be2 Bg2 18. Rg1 Nf3+ 19. Bxf3 Rxe3+ 20. Kf2 Bxf3 0-1

[Event "Andalucia-ch Seniors 1112"]
[Site "Huelva"]
[Date "2012.04.15"]
[Round "6"]
[White "Fernandez Martos, Machado Eduardo"]
[Black "Montecatine Rios, Ricardo"]
[Result "0-1"]
[WhiteElo "2109"]
[BlackElo "2321"]
[PlyCount "74"]
[EventDate "2012.04.12"]
[EventType "swiss"]
[EventRounds "6"]
[EventCountry "ESP"]
[SourceTitle "EXT 2013"]
[Source "ChessBase"]
[SourceDate "2012.11.22"]
[SourceVersion "1"]
[SourceVersionDate "2012.11.22"]
[SourceQuality "1"]

1. d4 f5 2. g3 Nf6 3. Bg2 e6 4. c4 Be7 5. Nc3 d5 6. Nf3 0-0 7. 0-0 c6 8. Qc2 Ne4 9. Rb1 Nd7 10. b4 b6 11. b5 Bb7 12. bxc6 Bxc6 13. cxd5 Bxd5 14. Nxd5 exd5 15. Qd3 Kh8 16. Ba3 Ndf6 17. Rbc1 g5 18. Rc2 f4 19. Ne5 Bxa3 20. Qxa3 fxg3 21. hxg3 Nd7 22. Bxe4 dxe4 23. Qd6 Nf6 24. Qxd8 Raxd8 25. e3 Nd5 26. Rfc1 Kg7 27. Kg2 a5 28. Rc6 Rf6 29. Rxf6 Kxf6 30. Rc6+ Kg7 31. a4 Kg8 32. Nc4 Rf8 33. Nd6 Rb8 34. Nxe4 b5 35. axb5 Rxb5 36. Rc5 Rxc5 37. Nxc5 Nc3 0-1

[Event "Andalucia-ch Seniors 1112"]
[Site "Huelva"]
[Date "2012.04.14"]
[Round "4"]
[White "Fernandez Martos, Machado Eduardo"]
[Black "Gomez Feria, Jose Maria"]
[Result "1/2-1/2"]
[WhiteElo "2109"]
[BlackElo "1929"]
[PlyCount "39"]
[EventDate "2012.04.12"]
[EventType "swiss"]
[EventRounds "6"]
[EventCountry "ESP"]
[SourceTitle "EXT 2013"]
[Source "ChessBase"]
[SourceDate "2012.11.22"]
[SourceVersion "1"]
[SourceVersionDate "2012.11.22"]
[SourceQuality "1"]

1. d4 Nf6 2. c4 e6 3. Nf3 b6 4. g3 Bb7 5. Bg2 Bb4+ 6. Nc3 0-0 7. 0-0 d6 8. Qc2 Bxc3 9. Qxc3 Ng4 10. Qc2 d5 11. Bf4 c6 12. cxd5 cxd5 13. Rac1 f6 14. Bh3 f5 15. Qa4 g5 16. Bc7 Qd7 17. Qxd7 Nxd7 18. Ne5 Ndxe5 19. Bxe5 Rac8 20. f3 1/2-1/2

[Event "Andalucia-ch"]
[Site "Roquetas Almeria"]
[Date "2011.05.28"]
[Round "6.4"]
[White "Fernandez Martos, Machado Eduardo"]
[Black "Aranaz Portugues, Jose Carlos"]
[Result "0-1"]
[WhiteElo "2141"]
[BlackElo "2103"]
[PlyCount "86"]
[EventDate "2011.05.14"]
[EventType "swiss"]
[EventRounds "8"]
[EventCountry "ESP"]
[SourceTitle "EXT 2024"]
[Source "ChessBase"]
[SourceDate "2023.10.10"]
[SourceVersion "1"]
[SourceVersionDate "2023.10.10"]
[SourceQuality "1"]

1. d4 d5 2. c4 c6 3. Nf3 e6 4. Nc3 f5 5. g3 Nf6 6. Bg2 Bd6 7. 0-0 0-0 8. Qc2 Ne4 9. Ne1 Qf6 10. e3 g5 11. Nd3 Nd7 12. b3 Qh6 13. Bb2 Ndf6 14. Ne5 g4 15. Ne2 Ng5 16. Nf4 Nfe4 17. Rad1 a5 18. a3 Rf6 19. Ra1 Qf8 20. b4 h5 21. b5 Rh6 22. bxc6 bxc6 23. Nxc6 Ba6 24. cxd5 Bxf1 25. Kxf1 exd5 26. Nxd5 h4 27. Nf4 hxg3 28. hxg3 Nf3 29. Ne5 Rc8 30. Qd3 Rh2 31. Qb3+ Kh7 32. Qe6 Rh6 33. Qd7+ Kg8 34. Ne6 Re8 35. Nd3 Qe7 36. Qxe7 Bxe7 37. Nef4 Ned2+ 38. Ke2 Nb3 39. Kf1 Nxa1 40. Bxa1 Rb6 41. Bxf3 gxf3 42. Nd5 Rb1+ 43. Ne1 Rxa1 0-1

[Event "Andalucia-ch"]
[Site "Roquetas Almeria"]
[Date "2011.05.28"]
[Round "7.8"]
[White "Montero Melendez, Rafael"]
[Black "Fernandez Martos, Machado Eduardo"]
[Result "1-0"]
[WhiteElo "2281"]
[BlackElo "2141"]
[PlyCount "27"]
[EventDate "2011.05.14"]
[EventType "swiss"]
[EventRounds "8"]
[EventCountry "ESP"]
[SourceTitle "EXT 2024"]
[Source "ChessBase"]
[SourceDate "2023.10.10"]
[SourceVersion "1"]
[SourceVersionDate "2023.10.10"]
[SourceQuality "1"]

1. c4 Nf6 2. g3 e6 3. Bg2 c5 4. Nf3 Be7 5. 0-0 0-0 6. Nc3 a6 7. d4 cxd4 8. Nxd4 Qc7 9. b3 Ra7 10. Bb2 b6 11. Rc1 Bb7 12. e4 d6 13. Ndb5 axb5 14. Nxb5 1-0

[Event "Seville op 36th"]
[Site "Seville"]
[Date "2011.01.13"]
[Round "7"]
[White "Fernandez Martos, Machado Eduardo"]
[Black "Komljenovic, Davorin"]
[Result "1-0"]
[WhiteElo "2129"]
[BlackElo "2457"]
[PlyCount "89"]
[EventDate "2011.01.07"]
[EventType "swiss"]
[EventRounds "9"]
[EventCountry "ESP"]
[SourceTitle "CBM 140 Extra"]
[Source "ChessBase"]
[SourceDate "2011.03.01"]
[SourceVersion "1"]
[SourceVersionDate "2011.03.01"]
[SourceQuality "1"]

1. d4 Nf6 2. c4 c5 3. d5 b5 4. cxb5 a6 5. e3 Bb7 6. bxa6 Bxd5 7. Nc3 Bc6 8. Nf3 Nxa6 9. Be2 g6 10. 0-0 Bg7 11. Ne5 Bb7 12. Qb3 0-0 13. Qxb7 Nb4 14. Qf3 d5 15. Rd1 Qa5 16. Bd2 Qc7 17. Nd3 Nxd3 18. Bxd3 c4 19. Bc2 e6 20. Rab1 Nd7 21. a4 Nc5 22. Nb5 Qb6 23. Bc3 Nxa4 24. Bxg7 Kxg7 25. Nc3 Nxb2 26. Na4 Nxa4 27. Rxb6 Nxb6 28. Qf4 Nd7 29. Qd4+ Kg8 30. e4 Ra5 31. h4 h5 32. exd5 Rxd5 33. Qxc4 Ne5 34. Qf4 Rfd8 35. Rxd5 Rxd5 36. f3 Kg7 37. Qb4 Nc6 38. Qc3+ Nd4 39. Be4 Rd7 40. Kf2 e5 41. Qc5 Kf6 42. g4 hxg4 43. fxg4 Re7 44. g5+ Ke6 45. Qd5# 1-0